000 01446nam a2200325 i 4500
003 EG-GICUC
005 20260121101416.0
008 251202s1951 ua ||||fr|||| 00| 0 ara d
040 _a EG-GICUC
_bara
_c EG-GICUC
_d EG-GICUC
_erda
041 0 _aara
082 0 4 _221
_a343.361
_bت و ,ب
092 0 4 _221
099 _aLaw1 343.361 ت و ,ب 1951
100 0 _aتوفيق محمد الشاوي
_eمؤلف.
245 1 0 _a / بطلان التحقيق الإبتدائي
_b . بسبب التعذيب والإكراه الواقع علي المتهم
_cالدكتور توفيق محمد الشاوي
264 3 _aالجيزة
_bمطبعة جامعة فؤاد الأول
_c1951
300 _a18 ؛ صفحة
_c .24 سم
336 _2rda content
_atext
337 _2rda media
_aComputer
338 _2rda carrier
_aOnline Resource
500 _aنشرت بمجلة ( القانون والاقتصاد ) التي يصدرها أساتذة كلية الحقوق , العددان الثالث والرابع - السنة الحادية و العشرون
504 _a. 240-220 ببليوجرافيا: صفحات.
546 _aالنص باللغة العربية
650 1 4 _aالقواعد العامة فى التحقيق الابتدائي
_2qrmak
650 1 4 _a القانون الجبائي
651 1 _2qrmak
856 4 0 _uhttps://fll.law.cu.edu.eg/fulltext/bks/B10-05550.pdf
905 _a70
942 _2ddc
_cBK
_e21
_n0
999 _c47931
_d47931